BRI Super League Indonesia Teams 2025-2026 - Statistics

General Stats
  • This quiz has been taken 21 times
  • The average score is 12 of 18
Answer Stats
Hint Answer % Correct
9 Persib Bandung
94%
10 Persija Jakarta
94%
1 Arema FC
89%
8 Persebaya Surabaya
83%
15 PSBS Biak
78%
13 Persis Solo
72%
11 Persijap Jepara
67%
12 Persik Kediri
67%
14 Persita Tangerang
67%
16 PSIM Yogyakarta
67%
18 Semen Padang FC
61%
2 Bali United FC
56%
17 PSM Makassar
56%
4 Borneo FC Samarinda
50%
6 Madura United FC
50%
7 Malut United FC
50%
3 Bhayangkara Presisi Lampung FC
33%
5 Dewa United Banten FC
22%
No matching quizzes found
Score Distribution
Percent of People with Each Score
Percentile by Number Answered
Your Score History
You have not taken this quiz